000 01089cab a2200289 4500
001 ABS46060
008 090401t1992 xxu||||| |||| 00| 0 eng d
035 _a(Sirsi) u56632
041 _aeng
100 _aBlandford, C.
245 _aWind farm development reaches a plateau
260 _c1992
350 _a0
490 _aPlanning (for the Natural and Built Environment)
_v(961) 27 March 1992, 18-19(2)
520 _aDiscusses the results of a study carried out by Chris Blandford Associates in association with Garrad Hassan & Partners commissioned by Dyfed CC to carry out a landscape impact assessment of wind turbine development in the context of draft planning policy guidance issued on renewable energy.
650 _aALTERNATIVE ENERGY SOURCES
650 _aLANDSCAPE IMPACT ASSESSMENT
650 _aRENEWABLE ENERGY SOURCES
650 _aTURBINES
650 _aWIND ENERGY
650 _aWIND FARMS
690 _aENVIRONMENTAL AND LAND CONSULTANCY-ENERGY
690 _aPLANNING LAW AND PRACTICE
700 _aWhite, S.
942 _n0
948 _c04/03/1997
999 _c34556
_d34556